[Event "Ikaros op"]
[Site "Athens"]
[Date "1997.??.??"]
[Round "5"]
[White "Kiriazis, Dimitrios"]
[Black "Roussos, Leandros"]
[Result "1-0"]
[WhiteElo "1805"]
[BlackElo "1930"]
[PlyCount "69"]
[EventDate "1997.??.??"]
[EventType "swiss"]
[EventRounds "7"]
[EventCountry "GRE"]
[SourceTitle "EXT 2004"]
[Source "ChessBase"]
[SourceDate "2003.11.25"]
[SourceVersion "1"]
[SourceVersionDate "2003.11.25"]
[SourceQuality "1"]

1. e4 c5 2. Nf3 Nc6 3. d4 cxd4 4. Nxd4 e5 5. Nb5 d6 6. N1c3 a6 7. Na3 Nf6 8. Bg5 Be7 9. Bxf6 Bxf6 10. Nd5 Bg5 11. Nc4 b5 12. Nce3 0-0 13. a4 Rb8 14. axb5 axb5 15. Bd3 Ne7 16. Nxe7+ Bxe7 17. 0-0 Be6 18. Qe2 Qb6 19. b4 Bg5 20. Ra5 Bxe3 21. fxe3 Bc4 22. Rfa1 Qc6 23. Ra6 Qc7 24. Bxc4 bxc4 25. c3 Rb6 26. Ra7 Qc6 27. Qf3 Rb7 28. Ra8 Rbb8 29. Rxb8 Rxb8 30. Ra7 Qe8 31. Qf5 f6 32. Qg4 g6 33. Qh4 h5 34. Qxf6 Qf8 35. Qxg6+ 1-0